Introduction to physical and biological oceanography / (Record no. 68416)
[ view plain ]
| 000 -LEADER | |
|---|---|
| fixed length control field | 00893nam a2200277 a 4500 |
| 001 - CONTROL NUMBER | |
| control field | 68416 |
| 003 - CONTROL NUMBER IDENTIFIER | |
| rucl marc code | BD-RjUL |
| 005 - DATE AND TIME OF LATEST TRANSACTION | |
| control field | 20211209081754.0 |
| 008 - FIXED-LENGTH DATA ELEMENTS--GENERAL INFORMATION | |
| fixed length control field | 100403s1979 enkab b 001 0 eng d |
| 020 ## - INTERNATIONAL STANDARD BOOK NUMBER | |
| International Standard Book Number | 0844804029 |
| 035 ## - SYSTEM CONTROL NUMBER | |
| System control number | (BD-RjUL)68626 |
| 040 ## - CATALOGING SOURCE | |
| Transcribing agency | YSM |
| Modifying agency | MYG |
| Original cataloging agency | BD-RjUL |
| Language of cataloging | eng |
| 041 ## - LANGUAGE CODE | |
| Language code of text/sound track or separate title | eng |
| 082 ## - DEWEY DECIMAL CLASSIFICATION NUMBER | |
| Edition number | 23 |
| Classification number | 551.4601 |
| Author mark and year | KII 1979 |
| 090 ## - LOCALLY ASSIGNED LC-TYPE CALL NUMBER (OCLC); LOCAL CALL NUMBER (OCLC) | |
| Classification number (OCLC) (R) ; Classification number, CALL (RLIN) (NR) | GC11 |
| Local cutter number (OCLC) ; Book number/undivided call number, CALL (RLIN) | .K523 1975 |
| 099 ## - LOCAL FREE-TEXT CALL NUMBER (OCLC) | |
| Bangla Class number | GC11.K523 1975 |
| 100 1# - MAIN ENTRY--PERSONAL NAME | |
| Personal name | King, Cuchlaine A. M. |
| 9 (RLIN) | 202834 |
| 245 10 - TITLE STATEMENT | |
| Title | Introduction to physical and biological oceanography / |
| Statement of responsibility, etc. | Cuchlaine A. M. King. |
| 260 ## - PUBLICATION, DISTRIBUTION, ETC. (IMPRINT) | |
| Place of publication, distribution, etc. | London : |
| Name of publisher, distributor, etc. | Crane Russak, |
| Date of publication, distribution, etc. | 1975 [reprinted 1979] |
| 300 ## - PHYSICAL DESCRIPTION | |
| Pagination | 372 p. : |
| Illustrations | ill. ; |
| Size | 24 cm. |
| 500 ## - GENERAL NOTE | |
| General note | This is a fully rev. ed. of the second part of Oceanography for Geographers, first published, 1962. |
| General note | Includes index. |
| 504 ## - BIBLIOGRAPHY, ETC. NOTE | |
| Bibliography, etc | Bibliography: p. [345]-361. |
| 650 #0 - SUBJECT ADDED ENTRY--TOPICAL TERM | |
| Topical term or geographic name as entry element | Oceanography. |
| 9 (RLIN) | 202835 |
| 942 ## - ADDED ENTRY ELEMENTS (KOHA) | |
| Source of classification or shelving scheme | Dewey Decimal Classification |
| Koha item type | Books |
| Lost status | Source of classification or shelving scheme | Damaged status | Not for loan | Collection code | Permanent Location | Current Location | Shelving location | Date acquired | Source of acquisition | Total Checkouts | Full call number | Date last seen | Copy number | Koha item type |
|---|---|---|---|---|---|---|---|---|---|---|---|---|---|---|
| Dewey Decimal Classification | Not For Loan | Non-fiction | Central Library, University of Rajshahi | Central Library, University of Rajshahi | Reading Room | 17/04/1980 | British council, Dhaka | 551.4601 KII 1979 | 03/04/2017 | C-1 | Books |